000 00730nam a22002297a 4500
001 6766
003 FISKH
005 20250814141632.0
008 250527b cb ||||| |||| 00| 0 eng d
020 _a9781589520660
040 _aFISKH
_beng
_cFISKH
_dFISKH
050 _aE111 .K64
082 _a970.01
100 _aKline, Trish
245 _aChristopher Columbus :
_bDiscover the life of an explorer /
_cTrish Kline
260 _aFlorida :
_bRourke Publishing,
_c2002.
300 _a24 pages :
_bcolor illustrations ;
_c19 cm
520 _aThis book tells of the life of Columbus and describes his explorations to the New World.
650 _aBiography
_vKnowledge Management
942 _2ddc
_cBK
_n0
999 _c6766
_d6766